000 01073cam a2200205 4500
001 WB3921-11
008 030605n2003 000 0 eng u
035 _a(Sirsi) u122530
245 _aCity centre property prices continue to rise
260 _c2003
490 _aHalifax Building Society Press Release
_v24 May 2003 (4)
520 _aAccording to new research from Halifax Estate Agents, the average price of housing per sq m in major UK cities is continuing to increase, reflecting the increased demand for city living as well as the regeneration and investment in the major cities. The market in cities such as York and Oxford is particularly buoyant due to the popularity of the buy-to-let sector. The investment in transport and amenities has attracted buyers to the cities. London continues to be the most expensive city. http://www.hbosplc.com/media/pressreleases/articles/halifax/2003-05-24-00.asp.
590 _aWB
650 _aHOUSE PRICES
650 _aLONDON
650 _aCITY CENTRES
650 _aBUY-TO-LET
690 _aHOUSING
942 _n0
999 _c72832
_d72832